Figure Out the Lyrics (MTV 80s Hit) Quiz Stats

 Plays Quiz Updated Aug 4, 2019

Support Sporcle.
Go Orange.
Score 0/299 Timer 10:00
0 Plays Today
Lyric % Correct
I
97.8%
I
97.8%
I
97.8%
I
97.8%
I
97.8%
a
97.1%
a
97.1%
a
97.1%
a
97.1%
a
97.1%
a
97.1%
You
94.1%
You
94.1%
you,
94.1%
you
94.1%
you
94.1%
you
94.1%
you
94.1%
you
94.1%
you
94.1%
you
94.1%
You
94.1%
You
94.1%
you
94.1%
you
94.1%
you
94.1%
you
94.1%
you
94.1%
you
94.1%
you
94.1%
you
94.1%
the
92.3%
the
92.3%
the
92.3%
the
92.3%
the
92.3%
me
88.7%
me
88.7%
me
88.7%
me
88.7%
me
88.7%
me
88.7%
me
88.7%
me
88.7%
me
88.7%
me
88.7%
me
88.7%
me
88.7%
me
88.7%
me
88.7%
me
88.7%
me
88.7%
me
88.7%
me
88.7%
be
87.4%
to
84.9%
to
84.9%
to
84.9%
(do do)
82.2%
(do do)
82.2%
on
82.2%
on
82.2%
on,
82.2%
on
82.2%
on
82.2%
on
82.2%
do
81.4%
in
78.5%
in
78.5%
in
78.5%
go-go,
75.9%
go-go,
75.9%
go-go,
75.9%
go-go,
75.9%
go
75.9%
go-go,
75.9%
go-go,
75.9%
go-go,
75.9%
go-go,
75.9%
go-go,
75.9%
go
75.9%
up
74.9%
up
74.9%
up
74.9%
up
74.9%
up
74.9%
up
74.9%
up
74.9%
up
74.9%
up
74.9%
up
74.9%
so
74.2%
it
72.2%
It
72.2%
it
72.2%
before
72%
before
72%
before
72%
before
72%
before
72%
Lyric % Correct
before
72%
before
72%
before
72%
before
72%
Wake
71.5%
Wake
71.5%
Wake
71.5%
Wake
71.5%
Wake
71.5%
Wake
71.5%
Wake
71.5%
Wake
71.5%
Wake
71.5%
Don't
69.8%
don't
69.8%
Don't
69.8%
don't
69.8%
don't
69.8%
my
69.2%
my
69.2%
my
69.2%
my
69.2%
My
69.2%
my
69.2%
my
69.2%
My
69.2%
my
69.2%
wanna
68.2%
when
68%
when
68%
when
68%
when
68%
want
67.1%
want
67.1%
like
64.7%
like
64.7%
like
64.7%
that
63.2%
that
63.2%
that
63.2%
can
60.8%
your
60.6%
your
60.6%
not
60.4%
not
60.4%
not
60.4%
of
59%
leave
58.5%
leave
58.5%
leave
58.5%
Take
58.1%
take
58.1%
Take
58.1%
Take
58.1%
hanging
56.8%
hanging
56.8%
hanging
56.8%
I'm
56.7%
I'm
56.7%
I'm
56.7%
yo-yo.
53.4%
yo-yo.
53.4%
yo-yo.
53.4%
heart,
53.3%
going
52.6%
solo.
52.4%
solo.
52.4%
what
51.6%
have
51.6%
high
50.4%
high.
50.4%
high...
50.4%
high.
50.4%
with
50.4%
tonight...
49.5%
tonight.
49.5%
going
48.9%
make
48.7%
dancing
48.6%
dancing,
48.6%
dancing
48.6%
dancing
48.6%
dancing...
48.6%
will
48.2%
into
47.9%
into
47.9%
into
47.9%
there,
47.3%
night.
46.9%
night.
46.9%
out
45.9%
out
45.8%
'Cause
45.7%
'Cause
45.6%
'Cause
45.6%
all
45.3%
But
45%
but
45%
but
45%
plannin'
44.7%
Lyric % Correct
plannin'
44.7%
you're
43%
They
43%
Day.
42.7%
hit
42.1%
hit
42.1%
hit
42.1%
put
40.7%
was
40.6%
been
39.9%
been
39.9%
(yeah, yeah)
39%
(yeah yeah)
38.9%
(yeah yeah)
38.9%
(yeah, yeah)
38.9%
Jitterbug (4x)
38.6%
Jitterbug
38.6%
Jitterbug (2x)
38.6%
(Jitterbug)
38.6%
It's
38.4%
it's
38.4%
baby,
38%
baby,
38%
should
36.6%
miss
36%
miss
36%
right;
35.8%
right.
35.8%
did
35%
boom-boom
34.2%
(Boom-boom-boom)
34.2%
sun
33.4%
than
32.7%
Come
32.6%
We'll
32.6%
We'll
32.6%
we'll
32.6%
brain,
31.8%
bed.
31.3%
bed.
31.3%
instead.
30.8%
instead.
30.8%
never
30.4%
shine
29.9%
bright
29.4%
same.
29.3%
same.
29.3%
way,
28.7%
last
28.7%
best
28.5%
friend
27.8%
home
27.8%
lovin'
27.7%
dance,
27.5%
Doris
27%
told
25.8%
sky
25.6%
everything
25.2%
stay
25.1%
feet
25.1%
starts.
25%
let's
24.7%
brighter
24.6%
bang-bang-bang
23.7%
soul
22.9%
makes
22.1%
cold
21.7%
Left
21.4%
'til
21%
warm
20.9%
fool.
20.5%
tomorrow
20.4%
sleepin'
20.3%
something's
20.3%
Something
20.3%
crazy
20.1%
act
20.1%
Goes
19.8%
fight.
19.7%
ain't
19.6%
skies
19.4%
grey
19.4%
lady,
18.4%
beats
18.2%
send
18.1%
per
17.7%
minute
17.2%
dreaming,
17%
cruel.
15.3%
spark
15.1%
flame,
14.9%
move
13.3%
bugging
11.4%
(ah)
11.4%
(ah)
11.4%
tight.
10.8%
dare
10.5%
Cuddle
8.1%
Turned
8%

You're not logged in!

Compare scores with friends on all Sporcle quizzes.
OR
Log In

From the Vault

What 90s Band Am I?

by rhcp320

We promise, this isn't a Buzzfeed article.
Remove Ads.
Support Sporcle.
Get the best of Sporcle when you Go Orange. This ad-free experience offers more features, more stats, and more fun while also helping to support Sporcle. Thank you for becoming a member.

Show Comments

Extras

Top Quizzes Today


Score Distribution

Your Account Isn't Verified!

In order to create a playlist on Sporcle, you need to verify the email address you used during registration. Go to your Sporcle Settings to finish the process.

Report this User

Report this user for behavior that violates our Community Guidelines.

Details: